| 000 | 00431nam a22001697a 4500 | ||
|---|---|---|---|
| 003 | NUST - PNEC | ||
| 005 | 20170116180907.0 | ||
| 008 | 150902b xxu||||| |||| 00| 0 eng d | ||
| 020 | _a- | ||
| 040 | _cLIBRARY | ||
| 082 | _a604.2 BEC | ||
| 100 |
_96751 _aBeck, H. G. |
||
| 245 |
_aReed's engineering drawing for marine engineers _cH. G. Beck |
||
| 260 | _c1977 | ||
| 650 |
_96753 _aMechanical engineering _xME |
||
| 942 |
_2ddc _cBK |
||
| 999 |
_c65138 _d65138 |
||